Central Library OPAC University of Rajshahi

Cell and molecular biology : (Record no. 11043)

MARC details
000 -LEADER
fixed length control field 00903nam a2200301 a 4500
001 - CONTROL NUMBER
control field 11043
003 - CONTROL NUMBER IDENTIFIER
rucl marc code BD-RjUL
005 - DATE AND TIME OF LATEST TRANSACTION
control field 20211208235048.0
008 - FIXED-LENGTH DATA ELEMENTS--GENERAL INFORMATION
fixed length control field 140126s2008 enka b 001 0 eng d
020 ## - INTERNATIONAL STANDARD BOOK NUMBER
International Standard Book Number 9780470042175 (hbk.) :
International Standard Book Number 0470042176 (hbk.) :
International Standard Book Number 9780470169612 (pbk.)
035 ## - SYSTEM CONTROL NUMBER
System control number (BD-RjUL)11092
040 ## - CATALOGING SOURCE
Original cataloging agency StDuBDS
Language of cataloging eng
Transcribing agency StDuBDS
Modifying agency BD-RjUL
041 ## - LANGUAGE CODE
Language code of text/sound track or separate title eng
082 04 - DEWEY DECIMAL CLASSIFICATION NUMBER
Classification number 571.6
Edition number 22
Author mark and year KAC 2008
100 1# - MAIN ENTRY--PERSONAL NAME
Personal name Karp, Gerald.
9 (RLIN) 34137
245 10 - TITLE STATEMENT
Title Cell and molecular biology :
Remainder of title concepts and experiments /
Statement of responsibility, etc. Gerald Karp.
250 ## - EDITION STATEMENT
Edition statement 5th ed.
260 ## - PUBLICATION, DISTRIBUTION, ETC. (IMPRINT)
Place of publication, distribution, etc. Chichester :
Name of publisher, distributor, etc. Wiley,
Date of publication, distribution, etc. 2008.
300 ## - PHYSICAL DESCRIPTION
Pagination 1 v. (various pagings) :
Illustrations ill. ;
Size 29 cm.
500 ## - GENERAL NOTE
General note Previous ed.: 2005.
General note Text on end-papers.
504 ## - BIBLIOGRAPHY, ETC. NOTE
Bibliography, etc Includes bibliographical references and index.
650 #0 - SUBJECT ADDED ENTRY--TOPICAL TERM
Topical term or geographic name as entry element Cytology.
9 (RLIN) 34084
Topical term or geographic name as entry element Molecular biology.
9 (RLIN) 1559
942 ## - ADDED ENTRY ELEMENTS (KOHA)
Source of classification or shelving scheme Dewey Decimal Classification
Koha item type Books
Holdings
Lost status Source of classification or shelving scheme Damaged status Not for loan Collection code Permanent Location Current Location Shelving location Date acquired Source of acquisition Cost, normal purchase price Total Checkouts Full call number Date last seen Date checked out Copy number Koha item type
  Dewey Decimal Classification     Non-fiction Central Library, University of Rajshahi Central Library, University of Rajshahi General Stacks 30/08/2009 Dhaka, Ahsania mission book 5554.61 1 571.6 KAC 2008 21/05/2025 06/05/2025 C-2 Books
  Dewey Decimal Classification   Not For Loan Non-fiction Central Library, University of Rajshahi Central Library, University of Rajshahi Reading Room 30/08/2009 Dhaka, Ahsania mission book 5554.61   571.6 KAC 2008 18/04/2017   C-1 Books